नारी तेरे रूप अनेक / (Record no. 48673)

MARC details
000 -LEADER
fixed length control field 01446nam a22002777a 4500
005 - DATE AND TIME OF LATEST TRANSACTION
control field 20090409113643.0
008 - FIXED-LENGTH DATA ELEMENTS--GENERAL INFORMATION
fixed length control field 090305t xxu||||| |||| 00| 0 hin d
010 ## - LCCN (DPL NO)
LC control number HIN-91027
020 ## - INTERNATIONAL STANDARD BOOK NUMBER
International Standard Book Number 8179000664
Terms of availability 200.00
035 ## - SYSTEM CONTROL NUMBER
System control number HN-63373
037 ## - SOURCE OF ACQUISITION
Source of stock number/acquisition DBAD / PUB
040 ## - CATALOGING SOURCE
Original cataloging agency DPL
Language of cataloging HN
082 ## - DEWEY DECIMAL CLASSIFICATION NUMBER
Classification number
100 ## - MAIN ENTRY--PERSONAL NAME
9 (RLIN) 24400
Personal name वाजपेयी, भगवती प्रसाद 'अनूप '
245 ## - TITLE STATEMENT
Title नारी तेरे रूप अनेक /
Statement of responsibility, etc भगवती प्रसाद वाजपेयी 'अनूप '
246 ## - VARYING FORM OF TITLE
Title proper/short title Naari tere roop anek
Remainder of title by Bhagvali Prasad Vajpayee ' Anoop'
260 ## - PUBLICATION, DISTRIBUTION, ETC. (IMPRINT)
Place of publication, distribution, etc नई दिल्ली
Name of publisher, distributor, etc एम.एन.पब्लिशर्स एण्ड डिस्ट्री
Date of publication, distribution, etc 2010
270 ## - ADDRESS
Address w-112, ग्रेटर कैलाश, पार्ट-1
City नई दिल्ली
Postal code 110048
300 ## - PHYSICAL DESCRIPTION
Extent 136पृ.
Dimensions 22 सेमी (सजिल्द)
650 ## - SUBJECT ADDED ENTRY--TOPICAL TERM
Topical term or geographic name as entry element हिन्दी कथा साहित्य
9 (RLIN) 24401
650 ## - SUBJECT ADDED ENTRY--TOPICAL TERM
9 (RLIN) 788
700 ## - ADDED ENTRY--PERSONAL NAME
9 (RLIN) 24403
942 ## - ADDED ENTRY ELEMENTS (KOHA)
Institution code [OBSOLETE] dpl
Item type Hindi Books
Source of classification or shelving scheme Dewey Decimal Classification
Classification part
Call number suffix वाजपे
Holdings
Withdrawn status Lost status Source of classification or shelving scheme Damaged status Not for loan Collection code Home library Current library Date acquired Source of acquisition Cost, normal purchase price Total Checkouts Full call number Barcode Date last seen Copy number Cost, replacement price Koha item type
    Dewey Decimal Classification   Not For Loan Fiction D.B.Act.Division Bawana 20/11/2010 DBAD /PUB 200.00   उ वाजपे HN-63373 20/11/2010 1 200.00 Hindi Books

© Delhi Public Library
Hit Counter
free hit counter